000 00221nam a2200097Ia 4500
001 985504
005 20250826221044.0
008 250824s9999 xx 000 0 und d
245 0 _aTALEBE
_cTARA WESTOVER
260 _bDOMİNGO
999 _c985504
_d985504